000 00564nam a2200193 4500
999 _c163288
_d163288
005 20190408150252.0
010 _aENG-125030
020 _a9789386191311
_c195.00
035 _aEN-108562
037 _bDBAD/PUB
082 _aN
100 _aPrabhakar, Madhur
245 _a90 God days/
_cMadhukar Prabhakar
260 _aNew Delhi
_bLifi publication
_c2018
270 _a
270 _a211, 2nd floor, gagandeep 12,Rajendra place
_b New Delhi
_e110008
_k011-25741000
_minfo@lifipublications.com
300 _axi,252p.
_c21cm(pbk)
942 _2ddc
_cEN
_hN
_mPRA